Ensayo sobre el entendimiento humano

Sparad:
Bibliografiska uppgifter
Huvudupphovsman: Locke, John
Materialtyp: Bok
Språk:Undetermined
Publicerad: Buenos Aires, Argentina Aguilar 1977
Upplaga:7
Ämnen:
Taggar: Lägg till en tagg
Inga taggar, Lägg till första taggen!

MARC

LEADER 00000nam a2200000Ia 4500
008 170316s9999 xx 000 0 und d
090 |a 100 L-45e 
100 |a Locke, John 
245 |a Ensayo sobre el entendimiento humano 
250 |a 7 
260 |a Buenos Aires, Argentina 
260 |b Aguilar 
260 |c 1977 
300 |a 221 páginas 
650 |a FILOSOFÍA 
999 |c 16848  |d 16848 
040 |a cru BVZT 
942 |c 15 D  |h 100 L-45e  |2 z